| 000 | 00901nam a22002417a 4500 | ||
|---|---|---|---|
| 999 |
_c13784 _d13784 |
||
| 003 | AR-CdUCM | ||
| 008 | 190329b ||||| |||| 00| 0 spa d | ||
| 020 | _a84-316-7226-9 | ||
| 040 |
_aMUNICIPALIDAD PROVINCIAL DEL CUSCO _cBIBLIOTECA MUNICIPAL DEL CUSCO |
||
| 082 |
_aES / 803 / _bL98 |
||
| 100 |
_aLupton, Hugh _932340 |
||
| 245 |
_aLa voz de los sueños : _bY otros cuentos prodigiosos / |
||
| 260 |
_aEspaña : _bVicens Vives, ; _c2003. |
||
| 300 |
_a79 páginas ; _bIlustraciones _c22 cm |
||
| 440 |
_aCucaña _n24 _932341 |
||
| 500 | _aColección dirigida por Francisco Antón. | ||
| 505 | _aContenido: La voz de los sueños -- El mono y papa Dios -- El ciego y el cazador -- La niña y la zorra -- Peces en el bosque ... | ||
| 650 |
_aHistorietas _910786 |
||
| 650 |
_aCuentos _9217 |
||
| 700 |
_aOrozco, Mariana (traducción) _932342 |
||
| 942 |
_2ddc _cLIBROS |
||
| 945 |
_arum _d2019-04-16 |
||